01111nam a2200193Ia 4500001000900000003001000009008004100019040002500060041001300085100001800098245003400116250001100150260006200161300001200223500026400235501011400499520026400613650004000877L109-666IT-CnALBA170116s9999||||xx |||||||||||||| ||und|| aIT-CnALBAcIT-CnALBA aITALIANO aDE RAEYMAEKER 0aINTRODUZIONE ALLA FILOSOFIA.  a1a ed. a TO BO CT PAbSOCIETÀ ED. INTER. c1949 [1° Ed.: n.d.] a308 p.  aTRADUTTORE VESCO ARISTIDE. FILOSOFIA: SGUARDO PANORAMICO OGGETTO INTRODUZIONE AL PROBLEMA. ANTICHITÀ GRECA. ANTICHITÀ CRISTIANA. MEDIOEVO OCCIDENTALE. ETA' MODERNA E CONTEMPORANEA. PRIMA FORMAZIONE FILOSOFICA. LAVORO FILOSOFICO. SCRITTI DI FILOSOFIA. BIBL aSocietà San Paolo EM - Piazza San Paolo, 14 - 12051 ALBA (CN) (non commercial uses only) ® Copyright 2017 aTRADUTTORE VESCO ARISTIDE. FILOSOFIA: SGUARDO PANORAMICO OGGETTO INTRODUZIONE AL PROBLEMA. ANTICHITÀ GRECA. ANTICHITÀ CRISTIANA. MEDIOEVO OCCIDENTALE. ETA' MODERNA E CONTEMPORANEA. PRIMA FORMAZIONE FILOSOFICA. LAVORO FILOSOFICO. SCRITTI DI FILOSOFIA. BIBL aTRATTAZIONE STORICA DELLA FILOSOFIA